| 000 | 01497nam0a22003131 4500 | ||
|---|---|---|---|
| 001 | v19\rc\2031539 | ||
| 005 | 20260406105041.0 | ||
| 035 | _a(NLR Aleph) 005107296 | ||
| 090 |
_a7455393 _c7455393 |
||
| 100 | _a20080925e19161916|||y0rusy50 ca | ||
| 101 | 0 | _arus | |
| 102 | _aRU | ||
| 105 | _ay z |||e| | ||
| 200 | 1 |
_aРелигиозно-философские письма Н.И. Пирогова [к А.А. Бистром] _fПубликатор и авт. вступ. ст.: С.Я. Штрайх |
|
| 210 |
_aПетроград _d1916 |
||
| 215 |
_a87-107, 224-247 с. _d23 |
||
| 311 | _aОтт. из журн. "Рус. старина". Т. 145, февр. 1916 г., № 1-2 | ||
| 488 | 0 |
_12001#$aРусская старина$v1916, т. 145, февр., № 1-2 _tРусская старина |
|
| 532 | 1 | 0 | _aРелигиозно-философские письма Николая Ивановича Пирогова к А.А. Бистром |
| 700 | 1 |
_7ca _8rus _aПирогов _bН. И. _cхирург _f1810-1881 _gНиколай Иванович _917975 _3RU\NLR\AUTH\7734976 |
|
| 702 | 1 |
_4080 _7ca _8rus _aШтрайх _bС. Я. _f1879-1957 _gСоломон Яковлевич _982512 _3RU\NLR\AUTH\7799586 |
|
| 702 | 1 |
_aБистром _bА. А. _f1828-1903 _gАлександра Антоновна _4660 |
|
| 801 | 0 |
_aRU _bNLR _gpsbo |
|
| 801 | 0 |
_aRU _bRuMoRGB _2psbo |
|
| 801 | 1 |
_aRU _bProSoft-M _2rusmarc |
|
| 801 | 2 |
_aRU _bNLR _c20130204 _2rusmarc |
|
| 852 |
_aNLR _j37.62.7.66 |
||
| 942 | _cBOOK | ||
| 980 | _aNB | ||